[Event "POL-chT U20 1st League"]
[Site "Chotowa"]
[Date "2025.06.21"]
[Round "8.6"]
[White "Pajak, Patrycja"]
[Black "Mataczyna, Aleksandra"]
[Result "0-1"]
[WhiteElo "1767"]
[BlackElo "1884"]
[PlyCount "148"]
[EventDate "2025.06.14"]
[EventType "team-swiss"]
[EventRounds "9"]
[EventCountry "POL"]
[SourceTitle "CB26_2025"]
[SourceDate "2025.06.25"]
[SourceVersion "1"]
[SourceVersionDate "2025.06.25"]
[SourceQuality "1"]
[WhiteTeam "Krakow CC 1893"]
[BlackTeam "Gorzow Wielkopolski"]
[WhiteTeamCountry "POL"]
[BlackTeamCountry "POL"]

1. e4 e5 2. Nf3 Nc6 3. Bc4 Nf6 4. d3 Be7 5. 0-0 0-0 6. Nbd2 d6 7. c3 Kh8 8. h3 Ng8 9. d4 f5 10. dxe5 dxe5 11. Bd5 Bd6 12. exf5 Bxf5 13. Be4 Nh6 14. Qe2 Qf6 15. Re1 Rae8 16. Kh1 Bd7 17. Nf1 Nf5 18. Bg5 Qf7 19. Ne3 h6 20. Nxf5 Bxf5 21. Bd2 Qf6 22. Rad1 Ne7 23. Rf1 Ng6 24. Qd3 Nf4 25. Bxf4 exf4 26. Bxf5 Qxf5 27. Qxf5 Rxf5 28. Rfe1 Rff8 29. Rxe8 Rxe8 30. Re1 Rxe1+ 31. Nxe1 g5 32. Kg1 Kg7 33. Kf1 Kf6 34. Ke2 Ke5 35. f3 b5 36. Kd3 Kd5 37. b3 c6 38. Nc2 a5 39. Nd4 Be5 40. Nc2 Bg7 41. Na3 Bxc3 42. Kxc3 b4+ 43. Kb2 bxa3+ 44. Kxa3 Kd4 45. Ka4 Ke3 46. Kxa5 Kf2 47. Kb6 Kxg2 48. a4 Kxf3 49. a5 Kg3 50. a6 f3 51. a7 f2 52. a8Q f1Q 53. Qxc6 Qf2+ 54. Kc7 Qf7+ 55. Kc8 Qf8+ 56. Kc7 Kxh3 57. Qh1+ Kg4 58. Qg2+ Kh5 59. Qh3+ Kg6 60. Qd3+ Kg7 61. Qd1 Qf7+ 62. Kc6 h5 63. b4 Qc4+ 64. Kd7 h4 65. Qd2 Qg4+ 66. Kd8 Qf4 67. Qd7+ Qf7 68. b5 Qxd7+ 69. Kxd7 h3 70. b6 h2 71. b7 h1Q 72. b8Q Qd5+ 73. Ke7 Qf7+ 74. Kd6 Qf4+ 0-1

[Event "POL-chT U20 1st League"]
[Site "Chotowa"]
[Date "2025.06.19"]
[Round "6.6"]
[White "Slusarczyk, Agnieszka"]
[Black "Mataczyna, Aleksandra"]
[Result "0-1"]
[WhiteElo "1644"]
[BlackElo "1884"]
[PlyCount "48"]
[EventDate "2025.06.14"]
[EventType "team-swiss"]
[EventRounds "9"]
[EventCountry "POL"]
[SourceTitle "CB26_2025"]
[SourceDate "2025.06.25"]
[SourceVersion "1"]
[SourceVersionDate "2025.06.25"]
[SourceQuality "1"]
[WhiteTeam "Wieliczka MOS"]
[BlackTeam "Gorzow Wielkopolski"]
[WhiteTeamCountry "POL"]
[BlackTeamCountry "POL"]

1. d4 d5 2. c4 dxc4 3. Qa4+ c6 4. Qxc4 Nf6 5. Nc3 Bf5 6. Nf3 e6 7. e3 Nbd7 8. Be2 Be7 9. 0-0 h6 10. Nh4 Bh7 11. f4 Nd5 12. Nf3 g5 13. fxg5 hxg5 14. Bd3 N7b6 15. Qb3 Bxd3 16. Nxd5 Bc4 17. Qc3 Bxd5 18. Ne5 f5 19. g4 Be4 20. Qd2 Bd6 21. gxf5 exf5 22. Rf2 Qc7 23. Nd3 g4 24. Nf4 g3 0-1

[Event "POL-chT U20 1st League"]
[Site "Chotowa"]
[Date "2025.06.14"]
[Round "1.6"]
[White "Mataczyna, Aleksandra"]
[Black "Meshkova, Aleksandra"]
[Result "0-1"]
[WhiteElo "1884"]
[BlackElo "1651"]
[PlyCount "54"]
[EventDate "2025.06.14"]
[EventType "team-swiss"]
[EventRounds "9"]
[EventCountry "POL"]
[SourceTitle "CB26_2025"]
[SourceDate "2025.06.25"]
[SourceVersion "1"]
[SourceVersionDate "2025.06.25"]
[SourceQuality "1"]
[WhiteTeam "Gorzow Wielkopolski"]
[BlackTeam "Bialoleka Bohema Sparta"]
[WhiteTeamCountry "POL"]
[BlackTeamCountry "POL"]

1. e4 e5 2. Nf3 Nc6 3. Bb5 f5 4. d3 fxe4 5. dxe4 Nf6 6. 0-0 d6 7. Nc3 Be7 8. h3 0-0 9. Bc4+ Kh8 10. Ng5 Qe8 11. Nd5 Nxd5 12. exd5 Nd4 13. f4 h6 14. Ne6 Bxe6 15. dxe6 Qc6 16. Bb3 d5 17. f5 Bc5 18. Kh2 Qd6 19. Qh5 Rf6 20. g4 Nxe6 21. fxe6 e4+ 22. Kg2 Rxf1 23. Kxf1 Rf8+ 24. Ke2 Qh2+ 25. Ke1 Qg3+ 26. Kd2 Qe3+ 27. Kd1 Rf1# 0-1

[Event "EU-ch U12 Girls"]
[Site "Prague"]
[Date "2024.08.23"]
[Round "2"]
[White "Bogomolnikova, Zlata"]
[Black "Mataczyna, Aleksandra"]
[Result "0-1"]
[WhiteElo "1614"]
[BlackElo "1720"]
[PlyCount "150"]
[EventDate "2024.08.22"]
[EventType "swiss"]
[EventRounds "9"]
[EventCountry "CZE"]
[SourceTitle "CBM 221 Extra"]
[Source "ChessBase"]
[SourceDate "2024.09.30"]
[SourceVersion "1"]
[SourceVersionDate "2024.09.30"]
[SourceQuality "1"]

1. d4 d5 2. c4 e6 3. cxd5 exd5 4. Nc3 c6 5. Qc2 g6 6. Bf4 Nf6 7. e3 Bf5 8. Bd3 Bxd3 9. Qxd3 Bd6 10. Nge2 Bxf4 11. Nxf4 Nbd7 12. 0-0 0-0 13. f3 Qb6 14. a3 Rad8 15. Qd2 Rfe8 16. Nd3 Qc7 17. Na4 Nh5 18. Nac5 Nb6 19. b3 Nc8 20. Rac1 Nd6 21. g4 Ng7 22. Nf4 f5 23. g5 Qe7 24. Ng2 Qxg5 25. Qb4 Rxe3 26. Qd2 f4 27. Kh1 Re7 28. Rce1 Rde8 29. Rxe7 Rxe7 30. Re1 Ngf5 31. Ne6 Qf6 32. Nexf4 Qxd4 33. Qc1 Qf6 34. Qc5 Rxe1+ 35. Nxe1 Qd4 36. Qc1 Qe3 37. Qxe3 Nxe3 38. Kg1 Kf7 39. Kf2 Nef5 40. Ned3 Kf6 41. a4 a5 42. b4 axb4 43. Nxb4 Ke5 44. Ne2 Nc4 45. Nd3+ Kd6 46. Nec1 Kc7 47. Nb3 b6 48. Nb4 Kd6 49. Nd3 c5 50. f4 Na5 51. Nbc1 c4 52. Ne5 Kc5 53. Nd7+ Kc6 54. Ne5+ Kd6 55. Na2 d4 56. Nb4 Ne7 57. Nf7+ Kc5 58. Na6+ Kd5 59. Kf3 c3 60. Ne5 Nf5 61. Nb4+ Kc5 62. Na6+ Kd6 63. Nb4 Nb3 64. Ke2 Nc5 65. Nc4+ Kc7 66. a5 bxa5 67. Nxa5 Kb6 68. Nac6 d3+ 69. Nxd3 Kxc6 70. Ne5+ Kd5 71. Nf7 c2 72. Kd2 Ne3 73. f5 Nb3+ 74. Kd3 c1Q 75. fxg6 Qd2# 0-1